| 000 | 00581nam a2200169 a 4500 | ||
|---|---|---|---|
| 001 | 000033956 | ||
| 005 | 20200930070645.0 | ||
| 008 | 110914s1940 dr 000 0 spa d | ||
| 040 |
_aDO-SdBNP _bspa _cBNPHU |
||
| 082 |
_axxx _bC114b |
||
| 100 | 1 |
_aCabeza, Luis _959421 |
|
| 245 | 1 | 0 |
_aBajo el sol de Quisqueya y frente al mar del Caribe / _cLuis Cabeza, Victor Vicent ; presentación S. M. Armin. |
| 260 |
_aCiudad Trujillo, República Dominicana : _bImprenta Echavarria, _c1940. |
||
| 300 |
_a58 p. : ; _c22 cm. |
||
| 700 | 1 |
_aVicent, Víctor _959422 |
|
| 700 | 1 |
_aArmin, S. M. _959423 |
|
| 999 |
_c33447 _d33447 |
||